| 000 | 01419cam a2200349 a 4500 | ||
|---|---|---|---|
| 999 |
_c28993 _d28964 |
||
| 001 | 13165937 | ||
| 003 | EG-ScBUE | ||
| 005 | 20201025122045.0 | ||
| 008 | 030417t2003 njua f 001 0 eng d | ||
| 020 | _a0471431168 (alk. paper) | ||
| 035 | _a(OCoLC)ocm51741744 | ||
| 040 |
_aUKM _beng _erda _cUKM _dDLC _dEG-ScBUE |
||
| 082 | 0 | 4 |
_a621.3192 _bIRW _222 |
| 100 | 1 |
_aIrwin, J. David, _d1939- _eauthor. |
|
| 245 | 1 | 2 |
_aA brief introduction to circuit analysis / _cJ. David Irwin, Auburn University. |
| 264 | 1 |
_aHoboken, NJ : _bJohn Wiley & Sons, _c[2003] |
|
| 264 | 4 | _cc2003 | |
| 300 |
_axviii, 425 pages : _billustrations ; _c26 cm |
||
| 336 |
_2rdacontent _atext _btxt |
||
| 337 |
_2rdamedia _aunmediated _bn |
||
| 338 |
_2rdacarrier _avolume _bnc |
||
| 500 | _aIncludes a supplement : "Chapter 9, Steady-state power analysis to accompany a brief introduction to circuit analysis" (45 p.). | ||
| 500 | _aIncludes index. | ||
| 500 | _aIncludes appendix. | ||
| 650 | 7 |
_aElectric circuit analysis. _2BUEsh |
|
| 653 |
_bENGGEN _cOctober2020 |
||
| 655 |
_vReading book _934232 |
||
| 856 | 4 | 1 |
_3Table of contents _uhttp://www.loc.gov/catdir/toc/wiley032/2003266933.html |
| 906 |
_a7 _bcbc _ccopycat _d3 _encip _f20 _gy-gencatlg |
||
| 942 |
_2ddc _cBB |
||